MARC

LEADER 00000nam0a2200000 4500
001 675316
005 20260130131715.0
090 |a 675316 
100 |a 20241009d1979 m||y0rusy50 ca 
101 0 |a rus 
102 |a RU 
105 |a a z 001yy 
181 0 |a i   |b  e  
182 0 |a n 
183 0 |a nc  |2 RDAcarrier 
200 1 |a Советская графика 77  |f сост. М. Немировская 
203 |a Текст  |b визуальный  |c непосредственный 
210 |a Москва  |c Советский художник  |d 1979 
215 |a 304 с.  |c ил. 
283 |a volume  |2 RDAcarrier 
320 |a Именной указатель: с. 296-301 
606 1 |a Графика  |2 stltpush  |3 (RuTPU)RU\TPU\subj\8566  |9 35956 
610 1 |a художники 
610 1 |a графическое искусство 
610 1 |a книжная графика 
610 1 |a рисунки 
610 1 |a станковая графика 
610 1 |a шрифтовое искусство 
610 1 |a французская гравюра 
610 1 |a литография 
610 1 |a французские афиши 
675 |a 76  |v 4 
702 1 |a Немировская  |b М.  |4 220 
801 0 |a RU  |b 63413507  |c 20241009 
830 |a Ретро2024Каталогизация Шило 
942 |c BK